Macroeconomía / (Registro nro. 8695)
[ vista simple ]
| 000 -LEADER | |
|---|---|
| fixed length control field | 01635nam a2200289Ia 4500 |
| 003 - CONTROL NUMBER IDENTIFIER | |
| control field | OSt |
| 005 - DATE AND TIME OF LATEST TRANSACTION | |
| control field | 20211109141312.0 |
| 008 - FIXED-LENGTH DATA ELEMENTS--GENERAL INFORMATION | |
| fixed length control field | 210310s2014 sp aod fr 000 0dspa d |
| 020 ## - INTERNATIONAL STANDARD BOOK NUMBER | |
| International Standard Book Number | 9788429126044 |
| 040 ## - CATALOGING SOURCE | |
| Original cataloging agency | CO-JMCR |
| Transcribing agency | CO-JMCR |
| 041 1# - LANGUAGE CODE | |
| Language code of text/sound track or separate title | spa |
| Language code of original | eng |
| 082 04 - DEWEY DECIMAL CLASSIFICATION NUMBER | |
| Classification number | 339 / |
| Item number | K943m |
| Edition number | 23 |
| 100 1# - MAIN ENTRY--PERSONAL NAME | |
| Personal name | Krugman, Paul, |
| 9 (RLIN) | 18015 |
| Relator term | autor |
| 245 10 - TITLE STATEMENT | |
| Title | Macroeconomía / |
| Statement of responsibility, etc. | Paul Krugman, Robin Wells ; [traductora, Nuria Durán Romero ; revisada por, Laura Alascio Carrasco |
| 250 ## - EDITION STATEMENT | |
| Edition statement | Segunda edición |
| 260 ## - PUBLICATION, DISTRIBUTION, ETC. | |
| Place of publication, distribution, etc. | Barcelona : |
| Name of publisher, distributor, etc. | Editorial Reverté, |
| Date of publication, distribution, etc. | 2014 |
| 300 ## - PHYSICAL DESCRIPTION | |
| Extent | xxvii, 582 páginas : |
| Other physical details | ilustraciones, fotografías y gráficas a color ; |
| Dimensions | 28 cm. |
| 500 ## - GENERAL NOTE | |
| General note | Título original: Macroeconomics |
| 505 0# - FORMATTED CONTENTS NOTE | |
| Formatted contents note | ¿Qué es la Economía? -- Oferta y demanda -- Introducción a la economía -- El crecimiento económico a largo plazo -- Fluctuaciones económicas a corto plazo -- Política de estabilización -- Acontecimiento e ideas -- La economía abierta |
| 520 3# - SUMMARY, ETC. | |
| Expansion of summary note | Cuando se trata de explicar los acontecimientos económicos actuales, la columna de Paul Krugman en el New Times es una de las referencias más consultadas. Semejante nivel de confianza es el que está consiguiendo Krugman en el aula, ya que cada vez son más los profesores que están introduciendo a sus alumnos en los principios fundamentales de la economía a través de las obras del Premio Nobel. |
| 546 ## - LANGUAGE NOTE | |
| Language note | Traducido del inglés. |
| 650 14 - SUBJECT ADDED ENTRY--TOPICAL TERM | |
| Topical term or geographic name entry element | Macroeconomía |
| 9 (RLIN) | 18017 |
| 700 1# - ADDED ENTRY--PERSONAL NAME | |
| Personal name | Wells, Robin, |
| Relator term | autor |
| 9 (RLIN) | 41452 |
| 700 1# - ADDED ENTRY--PERSONAL NAME | |
| Personal name | Durán Romero, Nuria, |
| Relator term | traductora |
| 9 (RLIN) | 41453 |
| 700 1# - ADDED ENTRY--PERSONAL NAME | |
| Personal name | Alascio Carrasco, Laura, |
| Relator term | revisora |
| 9 (RLIN) | 41454 |
| 942 ## - ADDED ENTRY ELEMENTS (KOHA) | |
| Source of classification or shelving scheme | Dewey Decimal Classification |
| Koha item type | Books |
| Withdrawn status | Lost status | Source of classification or shelving scheme | Damaged status | Not for loan | Collection code | Home library | Current library | Date acquired | Source of acquisition | Total Checkouts | Total Renewals | Full call number | Barcode | Date last seen | Date last checked out | Copy number | Koha item type |
|---|---|---|---|---|---|---|---|---|---|---|---|---|---|---|---|---|---|
| Dewey Decimal Classification | Non-fiction | Biblioteca Pública José María del Castillo y Rada | Biblioteca Pública José María del Castillo y Rada | 04/15/2018 | Donación | 4 | 4 | 339 / K943m | 430000368 | 04/13/2026 | 03/24/2026 | Ej.1 | Books |